000 03442nam0a2200397 4500
001 RU\NLR\BIBL_A\012772847
005 20220523161409.0
010 _a978-5-7310-5360-0
_9500
021 _aRU
_bКН-П-22-001874
_9КН-П-22-0136
035 _a(NLR Aleph) 012772847
035 _a(RuMoRGB)010959446
090 _a13098200
_c13098200
100 _a20220425d2021 k y0rusy50 ca
101 0 _arus
102 _aRU
105 _aa|||z|||1||z|
181 1 _ai3
_baxxe
182 1 _an
200 1 _aГосударство и рынок: механизмы и институты евразийской интеграции в условиях усиления глобальной нестабильности
_dThe state and the market: mechanisms and institutions of Eurasian integration in the conditions of increasing global instability
_eколлективная монография
_eматериалы VII международной научной конференции, 20-21 мая 2021 г., Санкт-Петербург
_fМинистерство науки и высшего образования Российской Федерации, Федеральное государственное бюджетное образовательное учреждение высшего образования "Санкт-Петербургский государственный экономический университет", Кафедра общей экономической теории и истории экономической мысли
_gпод редакцией доктора экономических наук, профессора С. А. Дятлова [и др.]
_zeng
203 _aТекст
_bвизуальный
_cнепосредственный
210 _aСанкт-Петербург
_cИзд-во Санкт-Петербургского государственного экономического университета
_d2021
215 _a887 с.
_cил., табл.
_d20
300 _aРез. англ.
320 _aБиблиогр. в конце ст.
510 1 _aState and the market: mechanisms and institutions of Eurasian integration in the conditions of increasing global instability
_zeng
606 1 _aРыночная экономика
_xГосударственное регулирование
_92184145
_3RU\NLR\AUTH\661313251
686 1 _aУ010.6
686 1 _aУ5-17
702 1 _4340
_aДятлов
_bС. А.
_cд-р экон. наук, поэт
_gСергей Алексеевич
_9182923
_3RU\NLR\AUTH\770182974
711 1 2 _a"Государство и рынок: механизмы и институты евразийской интеграции в условиях усиления глобальной нестабильности", международная научная конференция
_d7
_eСанкт-Петербург
_f2021
_9797345
_3RU\NLR\AUTH\880565179
712 0 2 _4570
_aСанкт-Петербургский государственный экономический университет
_bКафедра общей экономической теории и истории экономической мысли
_9524445
_3RU\NLR\AUTH\880430043
942 _cBOOK
980 _aNB